| 000 | 00518nam a22001817a 4500 | ||
|---|---|---|---|
| 003 | JO-AjAnu | ||
| 005 | 20241019121426.0 | ||
| 008 | 241019b jo ||||| |||| 00| 0 ara d | ||
| 020 | _a1-7-14688-988-978 | ||
| 040 | _cJO-AjAnu | ||
| 041 | _hENG | ||
| 100 |
_aLehnis, Joanna _eAuthor _966320 |
||
| 245 |
_a 70Ideas From Global Best Interior Design II _c / Joanna Lehnis |
||
| 260 |
_a China : _bLu Jican |
||
| 300 | _a295 : pages | ||
| 650 | _v70 Ideas From Global Best Interior Design II | ||
| 942 |
_2lcc _cBK _n0 |
||
| 999 |
_c33760 _d33760 |
||